Hoàng Lê nhất thống chí Tiểu thuyết lịch sử T.2 Hoàng Lê nhất thống chí

שמור ב:
מידע ביבליוגרפי
מחבר ראשי: Ngô Gia Văn Phái
מחברים אחרים: Nguyễn Đức Vân (Dịch), Kiều Thu Hoạch (Dịch)
פורמט: ספר
שפה:Vietnamese
יצא לאור: H. Văn học 1984
מהדורה:In lần thứ 3 có sữa chữa
סדרה:Tủ sách văn học mọi nhà
נושאים:
תגים: הוספת תג
אין תגיות, היה/י הראשונ/ה לתייג את הרשומה!
Thư viện lưu trữ: Mạng thư viện Đại học Đà Nẵng
LEADER 01398nam a2200385 4500
001 000013926
003 10273
005 20120327080335.0
008 120327s1984 viesd
020 |c 10đ 
041 0 |a vie 
082 |a 895.9223  |b NGO-P 
100 0 |a Ngô Gia Văn Phái 
245 1 0 |a Hoàng Lê nhất thống chí  |b Tiểu thuyết lịch sử  |c Ngô Gia Văn Phái ; Nguyễn Đức Vân, Kiều Thu Hoạch dịch  |n T.2  |p Hoàng Lê nhất thống chí 
250 |a In lần thứ 3 có sữa chữa 
260 |a H.  |b Văn học  |c 1984 
300 |a 240 tr.  |c 19 cm. 
490 |a Tủ sách văn học mọi nhà 
653 |a Văn học cận đại 
653 |a Truyện lịch sử 
653 |a Việt Nam 
700 |a Nguyễn Đức Vân  |e Dịch 
700 |a Kiều Thu Hoạch  |e Dịch 
773 |t Hoàng Lê nhất thống chí  |w 1319 
910 |a Huỳnh Thị Cẩm Lai  |d 11/08/2011 
OWN |a LSP 
AVA |a UDN50  |b LSP  |d 895.9223 NGO-P  |e available  |t Error 5001 Not defined in file expand_doc_bib_avail.  |f 1  |g 0  |h N  |i 0  |k 1 
999 |a From the UDN01 
AVA |a UDN50  |b LSP  |d 895.9223 NGO-P  |e available  |t Error 5001 Not defined in file expand_doc_bib_avail.  |f 1  |g 0  |h N  |i 0  |k 1 
TYP |a Monograph 
TYP |a Printed language 
980 |a Mạng thư viện Đại học Đà Nẵng